000 00191 a2200097 4500
020 _a9686465065
041 _aspa
100 _aKipling, Rudyard
245 _aEl hijo del elefante
942 _cBK
999 _c31963
_d31961